000 01135cam a2200241 4500
001 ABS63078
008 000000n2000 000 0 eng u
035 _a(Sirsi) u108953
100 _aTromans, S.
245 4 _aThe blighting of brownfield regeneration
260 _c2000
490 _aNew Law Journal
_v150(6956) 20 October 2000, 1514-1516(2)
520 _aLooks at the consequences for urban regeneration of the European Commission's ruling in December 1999 that the Partnership Investment Programme (PIP), was contrary to EC rules on State Aids. PIP had provided gap funding of about £1.1bn over 6 years, to help achieve land reclamation and brownfield regeneration in England. The House of Commons Environment, Transport and Regional Affairs Committee condemned the decision, which has environmentally disastrous consequences for our cities.
590 _aABS
650 _aBROWNFIELD DEVELOPMENT
650 _aPARTNERSHIP INVESTMENT PROGRAMME
650 _aEUROPEAN COMMISSION
650 _aURBAN REGENERATION
650 _aGAP FUNDING
650 _aCONTAMINATED LAND
690 _aREGENERATION
942 _n0
999 _c65061
_d65061